=LDR 00000nam 2200000 4500 =001 INLIS000000000020893 =005 20130612115813 =008 ***********************************Ind** =035 ##$$0010-061300000020893 =041 ##$$a Ind =082 ##$$a F Rom D =090 ##$$a F Rom D, Ast t =100 ##$$a Asturias, Miguel Angel =245 ##$$a Tuan presiden, Miguel Angel Asturias ; penerjemah, Djokoletono =260 ##$$a 1985 $b Jakarta =300 ##$$a 501 hlm, 20 cm =650 ##$$a Fiksi Dewasa =850 ##$$a NBPNMAT